000
00314nam a22001337a 4500
020
_a
8170293049
082
_a
005.447
100
_a
BPB Book Center
245
_a
Teach Yourself Windows 3.1
260
_a
New Delhi :
_b
BPB Publications,
_c
1994.
300
_a
411 p. ;
_b
23 cm.
500
_a
Paperback.
942
_c
BK
999
_c
34133
_d
34133